Mecánica de los fluidos e hidráulica
Zapisane w:
| 1. autor: | |
|---|---|
| Format: | Książka |
| Język: | hiszpański |
| Wydane: |
Ciudad de México
McGraw-Hill
1991
|
| Wydanie: | 2a. ed |
| Seria: | Schaum
|
| Hasła przedmiotowe: | |
| Etykiety: |
Dodaj etykietę
Nie ma etykietki, Dołącz pierwszą etykiete!
|
MARC
| LEADER | 00000nam a2200000 a 4500 | ||
|---|---|---|---|
| 001 | UCY0001 | ||
| 003 | CL-VaPUC | ||
| 008 | 940706e19910000MX |||||||||||||||||spa|d | ||
| 082 | 0 | 4 | |a 532 |b GIL |2 21 |
| 100 | |a Giles, Ranald V |e author |9 578682 | ||
| 245 | 1 | 0 | |a Mecánica de los fluidos e hidráulica |
| 250 | |a 2a. ed | ||
| 300 | |a 273 p | ||
| 942 | |c BK | ||
| 945 | |d 19940706 00:00:00 |a mfernand | ||
| 260 | |a Ciudad de México |b McGraw-Hill |c 1991 | ||
| 650 | 0 | |a Hidráulica |9 260193 | |
| 650 | 0 | |a Problemas, ejercicios, etc |9 259377 | |
| 650 | 0 | |a Mecánica de fluidos |9 259464 | |
| 583 | |a last modification |c 20131021 06:07:34 |k Rodrigo Vera | ||
| 490 | 0 | |a Schaum | |
| 999 | |c 229103 |d 229101 | ||
| 952 | |0 0 |1 0 |4 0 |6 532_000000000000000_GIL_1991 |7 0 |8 A |9 229704 |a BIBALI |b BIBALI |c RES |d 2019-11-15 |i 299304K |l 1 |o 532 GIL 1991 |p 299304K |r 2025-01-20 |s 2023-08-11 |w 2019-11-15 |y BK_R |k ALI | ||
| 952 | |0 0 |1 0 |4 0 |6 532_000000000000000_GIL_1991 |7 0 |8 A |9 229705 |a BIBALI |b BIBALI |c RES |d 2019-11-15 |i 2993058 |o 532 GIL 1991 |p 2993058 |r 2025-01-20 |w 2019-11-15 |y BK_R |k ALI | ||
| 952 | |0 0 |1 0 |4 0 |6 532_000000000000000_GIL_1991 |7 0 |8 A |9 229706 |a BIBALI |b BIBALI |c RES |d 2019-11-15 |i 2993066 |o 532 GIL 1991 |p 2993066 |r 2025-01-20 |w 2019-11-15 |y BK_R |k ALI | ||